[Event "DEM U16 2010"]
[Site "Oberhof GER"]
[Date "2010.05.29"]
[Round "9"]
[White "Müller, Tobias"]
[Black "Grzeca, Pascal"]
[Result "0-1"]
[Termination "normal"]
[Board "12"]
[WhiteElo "1998"]
[BlackElo "1887"]
[PlyCount "120"]
[WhiteFideId "24643394"]
[BlackFideId "24600741"]
[EventCountry "GER"]
[EventRounds "9"]
[EventType "swiss"]
[EventDate "2010.05.22"]

1. c4 g6 2. g3 Bg7 3. Bg2 e5 4. Nc3 d6 5. d3 Ne7 6. e3 c6 7. Nge2 O-O 8. O-O
Qc7 9. b3 f5 10. f4 Nd7 11. Ba3 Nf6 12. h3 h6 13. Rc1 a5 14. Qd2 Be6 15. Na4
Ra7 16. Rfd1 exf4 17. exf4 Bf7 18. d4 d5 19. Bc5 Ra6 20. Bb6 Rxb6 21. Qxa5 Nc8
22. c5 Qe7 23. Nxb6 Qxe2 24. Nxc8 Rxc8 25. Qd2 Qxd2 26. Rxd2 Ne4 27. Bxe4 dxe4
28. Kf2 Ra8 29. Ke3 Ra3 30. Rc3 Kf8 31. Kf2 Ke7 32. Ke3 Bf6 33. h4 Ke6 34. Rg2
Kd5 35. Rd2 Be6 36. Rc1 Bc8 37. Rc4 Be6 38. Rcc2 g5 39. hxg5 hxg5 40. Rc1 Ra8
41. Rh1 gxf4+ 42. gxf4 Rg8 43. Rh3 Rg1 44. Kf2 Rc1 45. Rh6 Bxd4+ 46. Rxd4+ Kxd4
47. Rxe6 Rc2+ 48. Kg3 Rxc5 49. Re7 Rc3+ 50. Kh4 e3 51. Kg5 Rc5 52. Rxb7 e2 53.
Re7 Kd3 54. b4 Rb5 55. a4 Rxb4 56. Kxf5 Rxa4 57. Re8 c5 58. Re5 c4 59. Kg4 c3
60. Kf3 c2 0-1

[Event "DEM U16 2010"]
[Site "Oberhof GER"]
[Date "2010.05.29"]
[Round "9"]
[White "Brodmann, Anton"]
[Black "Hampel, Felix"]
[Result "0-1"]
[Termination "normal"]
[Board "13"]
[WhiteElo "1844"]
[BlackElo "2038"]
[PlyCount "82"]
[WhiteFideId "24655481"]
[BlackFideId "24668125"]
[EventCountry "GER"]
[EventRounds "9"]
[EventType "swiss"]
[EventDate "2010.05.22"]

1. e4 c5 2. Nc3 Nc6 3. g3 g6 4. Bg2 Bg7 5. d3 d6 6. f4 e6 7. Nf3 Nge7 8. Be3
O-O 9. O-O b6 10. Rb1 Ba6 11. Rf2 Qc7 12. Rd2 Rad8 13. a4 Nd4 14. Ne2 Nxe2+ 15.
Qxe2 d5 16. e5 d4 17. Bf2 Nd5 18. Ng5 Bb7 19. Ne4 Qc6 20. Qg4 Qxa4 21. Re1 a5
22. Qh4 Qd7 23. Nf6+ Bxf6 24. exf6 Kh8 25. Re5 Nb4 26. Be4 Bxe4 27. dxe4 Nc6
28. Rg5 Qd6 29. e5 Qd5 30. Qh6 Rg8 31. Rg4 g5 32. Rxg5 Rxg5 33. Qxg5 Rg8 34.
Qh5 Rg6 35. g4 Qf3 36. h3 Qxf4 37. Rd3 Nxe5 38. Rb3 Rh6 39. Rxb6 Nf3+ 40. Kg2
Rxh5 41. gxh5 h6 0-1

[Event "DEM U16 2010"]
[Site "Oberhof GER"]
[Date "2010.05.29"]
[Round "9"]
[White "Hager, Joshua Aarash"]
[Black "Braun, Georg"]
[Result "0-1"]
[Termination "normal"]
[Board "14"]
[WhiteElo "2221"]
[BlackElo "2074"]
[PlyCount "48"]
[WhiteFideId "24642789"]
[BlackFideId "24629383"]
[EventCountry "GER"]
[EventRounds "9"]
[EventType "swiss"]
[EventDate "2010.05.22"]

1. e4 c5 2. Nf3 d6 3. d4 cxd4 4. Nxd4 Nf6 5. Nc3 g6 6. Be3 Bg7 7. f3 Nc6 8. Qd2
O-O 9. O-O-O d5 10. Kb1 Rb8 11. Be2 e5 12. Nxc6 bxc6 13. exd5 cxd5 14. Nxd5 Be6
15. Nxf6+ Qxf6 16. Bg5 Qf5 17. b3 e4 18. Qf4 Qc5 19. Bf6 exf3 20. Bxf3 Rb4 21.
Be4 Rxe4 22. Qxe4 Bxf6 23. Qf3 Bf5 24. Rd2 Qa3 0-1